000 00559nam a2200229Ia 4500
003 OSt
005 20220912153220.0
006 a|||||r|||| 00| 0
007 ta
008 220909b |||||||| |||| 00| 0 eng d
024 _a1154
037 _cTextual
040 _aCSL
_beng
_cCSL
041 _aeng
082 _aB38:92, M1;1
100 _aSengal Sanford L
245 0 _aNine introduction in comlex analysis .
260 _c1981
300 _ap.
_ccm.
942 _hB38:92, M1;1
_cTEXL
_2CC
999 _c99315
_d99315